AutoCAD 10.0 Příručka pro uživatele

Salvato in:
Dettagli Bibliografici
Autore principale: Herštus, Michal
Natura: Libro
Lingua:ceco
Pubblicazione: Praha Grada 1991
Edizione:1. vyd.
Serie:Nestůjte za dveřmi
Soggetti:
Tags: Aggiungi Tag
Nessun Tag, puoi essere il primo ad aggiungerne!!

MARC

LEADER 00000nam a2200000 4500
001 c001237
005 20221214093204.3
020 |a 80-85424-02-9 
041 0 |a cze 
044 |a CZ 
245 1 0 |a AutoCAD 10.0  |b Příručka pro uživatele  |c Michal Herštus 
250 |a 1. vyd. 
264 1 |a Praha  |b Grada  |c 1991 
300 |a 231 s. 
490 1 |a Nestůjte za dveřmi 
830 0 |a Nestůjte za dveřmi 
610 2 0 |a AutoCAD 10.0 
610 2 0 |a grafika počítačová 
610 2 0 |a programy počítačové 
100 1 |a Herštus, Michal